000 00698nam a2200277Ia 4500
005 20260324144337.0
008 008 260324s9999 xx 000 0 eng d
020 _a9781003080961
037 _aEBOOK
040 _aCRL
040 _beng
040 _cCRL
041 _2eng
041 _aeng
084 _qCRL
100 _aGeorge J. Murphy
_91213757
245 4 _aThe Evolution of Selected Annual Corporate Financial Reporting Practices in Canada, 1900-1970
260 _bTaylor and Francis
260 _c1988
365 _a
365 _b170
856 _uhttp://www.taylorfrancis.com/books/9781003080961
942 _cEBOOK
999 _c1825476
_d1825476